00483nam a2200145Ia 4500008004100000020001500041050002100056100003200077245006100109250001800170260003700188300003500225505005200260650002500312120626s1965 ag a 000 0 spa d a9501325407 aCB104 bS43 1965 aSecco Ellauri, Oscareautor aLa antigúedad y la edad media c/ Oscar Secco Ellauri a4a. edición aBuenos Airesb: Kapeluszc, 1965 a429 páginasb: ilustraciones aI. Prehistoria II. Edad antigua III. Edad media 0aEDAD MEDIAxHISTORIA